Nupe religion / (Record no. 56786)
[ view plain ]
| 000 -LEADER | |
|---|---|
| fixed length control field | 00699nam a2200241 a 4500 |
| 001 - CONTROL NUMBER | |
| control field | 56786 |
| 003 - CONTROL NUMBER IDENTIFIER | |
| rucl marc code | BD-RjUL |
| 005 - DATE AND TIME OF LATEST TRANSACTION | |
| control field | 20211209080431.0 |
| 008 - FIXED-LENGTH DATA ELEMENTS--GENERAL INFORMATION | |
| fixed length control field | 161204s1954 enka 001 0 eng u |
| 035 ## - SYSTEM CONTROL NUMBER | |
| System control number | (BD-RjUL)56910 |
| 040 ## - CATALOGING SOURCE | |
| Original cataloging agency | BD-RjUL |
| Language of cataloging | eng |
| Transcribing agency | BD-RjUL |
| Modifying agency | BD-RjUL |
| 041 ## - LANGUAGE CODE | |
| Language code of text/sound track or separate title | eng |
| 082 ## - DEWEY DECIMAL CLASSIFICATION NUMBER | |
| Edition number | 23 |
| Classification number | 299.6 |
| Author mark and year | NAN 1954 |
| 100 1# - MAIN ENTRY--PERSONAL NAME | |
| Personal name | Nadel, S. F. |
| 9 (RLIN) | 168870 |
| 245 10 - TITLE STATEMENT | |
| Title | Nupe religion / |
| Statement of responsibility, etc. | S. F. Nadel |
| 260 ## - PUBLICATION, DISTRIBUTION, ETC. (IMPRINT) | |
| Place of publication, distribution, etc. | London : |
| Name of publisher, distributor, etc. | Routledge & Kegan Paul, |
| Date of publication, distribution, etc. | 1954. |
| 300 ## - PHYSICAL DESCRIPTION | |
| Pagination | x, 288 p. : |
| Illustrations | ill. ; |
| Size | 23 cm. |
| 500 ## - GENERAL NOTE | |
| General note | Includes index |
| 650 #0 - SUBJECT ADDED ENTRY--TOPICAL TERM | |
| Topical term or geographic name as entry element | Nupe (African people) |
| General subdivision | Religion |
| 9 (RLIN) | 168871 |
| Topical term or geographic name as entry element | Islam |
| Geographic subdivision | Africa |
| 9 (RLIN) | 139771 |
| Geographic subdivision | Africa |
| Form subdivision | West -- Religious life |
| 9 (RLIN) | 168872 |
| 942 ## - ADDED ENTRY ELEMENTS (KOHA) | |
| Source of classification or shelving scheme | Dewey Decimal Classification |
| Koha item type | Books |
| Lost status | Source of classification or shelving scheme | Damaged status | Not for loan | Collection code | Permanent Location | Current Location | Shelving location | Date acquired | Source of acquisition | Total Checkouts | Full call number | Date last seen | Copy number | Koha item type |
|---|---|---|---|---|---|---|---|---|---|---|---|---|---|---|
| Dewey Decimal Classification | Non-fiction | Central Library, University of Rajshahi | Central Library, University of Rajshahi | Reading Room | 10/01/1974 | W.U.S. | 299.6 NAN 1954 | 04/12/2016 | C-1 | Books |